Flags of Countries 197-205 - Statistics

General Stats
  • This quiz has been taken 76 times
  • The average score is 6 of 9
Answer Stats
Picture Answer % Correct
Aruba
85%
Palestine
81%
Greenland
79%
Curacao
75%
Faroe Islands
71%
Western Sahara
71%
Cook Islands
65%
Niue
65%
Sint Maarten
50%
No matching quizzes found
Score Distribution
Percent of People with Each Score
Percentile by Number Answered
Your Score History
You have not taken this quiz